| 000 -LEADER |
| fixed length control field |
00514nam a22001817a 4500 |
| 008 - FIXED-LENGTH DATA ELEMENTS--GENERAL INFORMATION |
| fixed length control field |
131113b xxu||||| |||| 00| 0 eng d |
| 020 ## - INTERNATIONAL STANDARD BOOK NUMBER |
| International Standard Book Number |
3854283474 |
| 041 0# - LANGUAGE CODE |
| Language code of text/sound track or separate title |
ger |
| 080 ## - UNIVERSAL DECIMAL CLASSIFICATION NUMBER |
| Universal Decimal Classification number |
339.138 |
| 100 1# - Rafti |
| Rafti |
Haslofer, Gerlad |
| 245 10 - TITLE STATEMENT |
| Title |
Database marketing : |
| Statement of responsibility, etc |
Gerald Haslhofer |
| 260 ## - |
| -- |
Wien : |
| -- |
Service Fachverlag ; |
| -- |
1996. |
| 300 ## - |
| -- |
173 f. |
| -- |
30cm. |
| 500 ## - |
| -- |
Vorwort : f. 9 |
| 505 ## - |
| -- |
Literaturverzeichnis : f. 159-166 |
| 650 #0 - |
| -- |
Marketingu |
| 942 ## - ADDED ENTRY ELEMENTS (KOHA) |
| Source of classification or shelving scheme |
|
| Item type |
Books |